| 000 | 00597nam a2200193 i 4500 | ||
|---|---|---|---|
| 001 | 49721 | ||
| 003 | ES-MaACL | ||
| 005 | 20250817115631.0 | ||
| 007 | t| | ||
| 008 | 030722s1966 sp ||||1| spa d | ||
| 100 | 1 |
_aCorau, Robert. _940444 |
|
| 245 | 1 | 0 |
_aHistoria pintoresca de Alemania / _cRobert Courau ; [versión F.J. Alcántara]. |
| 250 | _a[1ª ed.]. | ||
| 260 |
_aBarcelona : _bLuis de Caralt, _c[1966] |
||
| 300 |
_a2 v. : _bil. ; _c23 cm. |
||
| 700 | 1 |
_aAlcántara, Francisco José, _d1922-1999 _919493 |
|
| 852 |
_aES-MaACL _jC-31773-4 _bR.61760 |
||
| 999 |
_c49721 _d49721 |
||